[Event "Nanjing Pearl Spring 2nd"]
[Site "Nanjing"]
[Date "2009.10.06"]
[Round "8"]
[White "Carlsen, Magnus"]
[Black "Wang, Yue"]
[Result "1-0"]
[WhiteElo "2772"]
[BlackElo "2736"]
[Annotator "Rogozenco,D"]
[PlyCount "137"]
[EventDate "2009.09.28"]
[EventType "tourn"]
[EventRounds "10"]
[EventCountry "CHN"]
[EventCategory "21"]
[SourceTitle "CBM 133"]
[Source "ChessBase"]
[SourceDate "2009.11.19"]
[SourceVersion "1"]
[SourceVersionDate "2009.11.19"]
[SourceQuality "1"]

1. d4 d5 2. c4 c6 3. Nf3 Nf6 4. Nc3 dxc4 5. a4 Bf5 6. Ne5 Nbd7 7. Nxc4 Qc7 8.
g3 e5 9. dxe5 Nxe5 10. Bf4 Nfd7 11. Bg2 g5 12. Ne3 gxf4 13. Nxf5 O-O-O 14. Qc2
Ng6 {A fashionable theoretical variation, where lately Black was facing
troubles. However, the Chinese GM had prepared an important novelty for this
game.} 15. O-O Kb8 (15... fxg3 16. hxg3 h5 17. Rfc1 Kb8 (17... h4 18. Nb5 Qb6
19. Nbd6+ Bxd6 20. Nxd6+ Kb8 21. a5 Qc7 22. Nxb7 $1 Qxb7 23. Bxc6 Rc8 (23...
Qb4 24. Ra4 $18) (23... Qc7 24. Qb3+ $18) 24. Bxb7 Rxc2 25. Rxc2 Kxb7 26. Rac1
$16) 18. b4 h4 (18... Bxb4 $2 19. Nd5 $18) 19. Nb5 $1 $16 {1-0 Kasimdzhanov,R 
(2690)-Predojevic,B (2645)/Germany 2007 (29)}) 16. Rfc1 a5 17. b4 $5 {The
critical move, introduced in practice by the Vietnamese GM Nguyen. Quiet
continuations didn't set problems for Black.} (17. Nd5 Qe5 18. Nxf4 Nxf4 19.
gxf4 Qxf4 20. e3 Qc7 21. Rd1 Bb4 22. Rd4 Ne5 23. h3 Rhe8 24. Kh1 Rxd4 25. Nxd4
Ng6 26. Nf5 Rd8 27. Rd1 Rxd1+ 28. Qxd1 $11 {1/2-1/2 Banikas,H (2600)-Bratanov,
Z (2440)/Plovdiv 2008 (39)}) (17. Rab1 Qb6 18. Ne4 Nde5 19. Rd1 Bb4 20. Rxd8+
Rxd8 21. Rd1 $11 {1/2-1/2 Gladyszev,O (2473)-Bratanov,Z (2446)/Val Thorens
2008 (63)}) 17... axb4 (17... Bxb4 {proved to be not enough:} 18. Nd5 $1 Qe5
19. Nxb4 axb4 20. Rab1 Qa5 (20... c5 21. e3 fxg3 (21... fxe3 22. f4 $1 $16) 22.
hxg3 Rc8 (22... h5 23. f4 Qe6 24. Rxb4 $18) 23. Rd1 $16) (20... Ne7 21. Qc4 (
21. Rxb4 Qxf5 22. Qb2 Nc5 23. Rxf4 Qe6 24. Rfc4 $40) 21... Nxf5 (21... Qxf5 22.
Qxb4 $18) 22. Qxb4 $18) 21. Nd6 Nde5 22. Nc4 Nxc4 23. Qxc4 $14 {1-0 Caruana,F 
(2649)-Ni Hua (2724)/Dagomys 2009 (52)}) 18. Nb5 Qe5 19. Nbd4 Bc5 20. Nb3 h5 $1
$146 {[%mdl 8]} (20... fxg3 21. hxg3 h5 22. Rab1 Ba7 23. e3 {was met in Nguyen,
N (2551)-Predojevic,B (2641)/Moscow 2008. Wang Yue discovered that without the
exchange of pawns on g3 White won't have the move e2-e3, which makes a big
difference - the bishop remains powerful on the diagonal a7-g1. The
aforementioned game continued:} h4 (23... Ne7 $142 {was more careful.}) 24.
Nbd4 Bxd4 25. Nxd4 c5 26. Rxb4 $1 cxb4 27. Nc6+ $18 {and White won.}) 21. Rab1
{Carlsen plays similarly to the aforementioned game; however, things are
different now.} ({Correct is} 21. a5 {but it must have been very difficult to
accept that objectively already at this point White should be looking for
salvation.} {After} fxg3 ({or} 21... h4 22. g4 Bxf2+ (22... f3 23. Bxf3 Bxf2+
24. Kh1 $1) 23. Kxf2 ({Even here} 23. Kh1 $5 {deserves attention}) 23... f3 24.
Bxf3 (24. exf3 h3 $40) 24... Qxh2+ 25. Kf1 Nde5 26. a6 Nxf3 27. exf3 Qh1+ 28.
Kf2 Qh2+ 29. Kf1 $11) 22. hxg3 h4 ({No time for} 22... Ba7 23. a6 $18) 23. Nxc5
Nxc5 24. f4 (24. Qxc5 $4 Rd1+ $19) 24... b3 (24... Qc3 $2 25. Qb1) 25. fxe5
bxc2 26. Rxc2 Nb3 27. Rb1 {a sharp endgames arises, with equal chances.}) ({
Weaker is} 21. Nxc5 Nxc5 $17 22. Qxc5 $2 Rd1+ $19) 21... Ba7 {Here we are.
White can't close the diagonal a7-g1 by playing 22.e3, as in the game
Nguyen-Predojevic. In a position with opposite castled kings such an
apparently small detail can completely change the evaluation: now Black is
better!} 22. Bxc6 {The best practical decision, which fully paid off.} ({After
} 22. a5 fxg3 23. hxg3 h4 {Black's attack is faster:} 24. a6 hxg3 25. axb7
gxf2+ 26. Kf1 Qh2 $19 {Notice the huge role of the Ba7 in Black's attack.})
22... fxg3 23. hxg3 Rc8 $2 ({Black achieves a large advantage with} 23... Ne7
$1 24. Nbd4 (24. Nxe7 Qxg3+ 25. Bg2 Qxf2+ 26. Kh2 Qh4+ 27. Bh3 Qxe7 $19) 24...
Bxd4 25. Rxb4 Nxc6 26. Qxc6 Bb6 $1 {and White has a difficult choice between}
27. Qd6+ ({or} 27. Qf3 Rhe8) (27. Rxb6 {loses:} Nxb6 28. Qxb6 Qxf5 29. Qc7+ Ka7
30. Rc5 Rd1+ 31. Kg2 Qe4+ $19) 27... Qxd6 28. Nxd6 Rhg8 {in both cases keeping
only some practical chances to escape.}) 24. Qd3 {Now it is already time for
Black to play accurately in order to keep the balance.} bxc6 $6 {After this
inaccuracy White seizes the initiative.} (24... Nc5 $142 25. Nxc5 Bxc5 26. Bxb7
(26. Bg2 h4 27. Qb5 Rc7 28. Bxb7 Bxf2+ 29. Kxf2 hxg3+ 30. Nxg3 Qxb5 31. axb5
Rxc1 32. Rxc1 Kxb7 $11) 26... Kxb7 27. Qb5+ Ka8 (27... Bb6 $2 28. Rxc8 Rxc8 (
28... Qxb5 $2 29. Nd6+) 29. Qxe5 Nxe5 30. Nd6+ Kb8 31. Nxc8 Kxc8 32. Rxb4 $18)
28. Qa6+ Kb8 29. Qb5+ Ka8 $11) 25. Qxd7 Rc7 (25... Rhd8 26. Qxf7 Rf8 27. Qxg6
Rxf5 28. Nd4 $1 $18) 26. Qd3 h4 27. Nbd4 hxg3 $6 (27... c5 $142 28. Nf3 Qe8 29.
N3xh4 Qxa4 $14) 28. Rxb4+ Ka8 29. Nxg3 {Black must struggle hard in order to
save such a position. He is a pawn down and the attack on the kingside is
illusory. His only chance to escape is connected with reduced material. Notice
that the advance of the c-pawn almost never works due to the check with the
queen on the long diagonal.} Rd8 (29... Nf4 30. Qf3 Nh3+ 31. Kg2 Ng5 32. Qg4
$16) (29... Ne7 $142 30. e3 Nd5 31. Rbc4 Rg8 $14 {/+/-}) 30. e3 $16 Nh4 (30...
c5 31. Rbb1 $16 cxd4 $2 32. Rxc7 Qxc7 33. Qe4+) 31. Kf1 $1 Qa5 $2 {Both
opponents were in time-trouble and are missing tactics.} 32. Rcb1 (32. Rxc6 {
wins an important pawn:} Rxd4 (32... Rxc6 33. Nxc6 Rxd3 34. Nxa5 $18) 33. Rxd4
Rxc6 34. Rxh4 $18) 32... Nf3 33. Nb3 Qd5 34. Qxd5 cxd5 35. Rd1 Rc2 36. Rf4 Ne5
37. Nd4 Rc4 38. Nde2 Rxf4 39. Nxf4 d4 40. Nge2 Nc6 41. e4 {The mutual
time-trouble is over. White is a pawn up and his chances to win are about
equal to Black's chances to draw.} Rb8 42. Nd5 Rb2 (42... Rb3 $142) 43. Nef4
Kb7 44. Nd3 Rb3 45. Ke2 Ra3 46. f4 $5 {Again an impressive practical decison:
Carlsen returns the extra pawn in order to activate all his forces.} (46. Rb1+
Kc8 47. Rc1 Kb7 48. Rc4 {protects the pawn, but after} Ra2+ 49. Kd1 Ra3 {
it is difficult for White to make further progress:} 50. Kc2 (50. N3f4 d3 $132
{[%cal Gc6e5,Ga7f2] /=}) (50. N5f4 $5) (50. Nc1 $5) 50... Rxd3 $1 51. Rxc6 (51.
Kxd3 $2 Ne5+) 51... Rf3 52. Rf6 d3+ 53. Kd2 Rxf6 54. Nxf6 Bxf2 {and Black
escapes.}) 46... Rxa4 47. Rb1+ Kc8 48. Rc1 Kb7 49. e5 Ra3 50. Rh1 Ra5 51. Nf6
Bb8 52. Rb1+ Kc8 53. Rc1 Kb7 54. Ne4 Ra3 55. Rh1 Bxe5 56. fxe5 Nxe5 57. Nd6+
Ka6 {This endgame is a draw, but two knights and the rook can create a lot of
threats. The next variations are based on Karsten Müller's analysis in the
online edition of ChessBase Magazine.} 58. Nb4+ (58. Nxe5 $2 Re3+ 59. Kd2 Rxe5
60. Ra1+ Ra5 $11) 58... Kb6 59. Rc1 Re3+ $2 (59... Ra5 60. Rb1 Kc7 $11) 60. Kd1
Rb3 $6 ({Karsten Müller: From a practical point of view} 60... Ka5 $1 61. Nd5
Re1+ 62. Kxe1 Nd3+ 63. Kd2 Nxc1 64. Kxc1 f5 65. Nf4 {really had to be
preferred. However the position is lost, although White himself does not have
a pawn and two knights on their own are not enough to deliver mate, because
the pawn on f5 is safely blockaded behind or on the so-called Troitzky Line
a4-b6-c5-d4-e4-f5. This does not actually take into account the 50 move rule,
but the present position can be won within the 50 moves. Nor does the d-pawn
which is still there affect this evaluation, because Black may be able to
cross the Troitzky Line with it, but he cannot hang on to it in the long run.})
61. Nd5+ Ka7 62. Ra1+ Kb8 63. Kc2 Rh3 64. Rb1+ Ka7 65. Rb7+ Ka6 66. Rb6+ Ka5
67. Rb5+ Ka4 (67... Ka6 $6 68. Nc7+ Ka7 69. Rb7#) 68. Nb6+ Ka3 69. Rxe5 {
The presence of rooks make makes White's position rather easily winning.} 1-0

[Event "Moscow Tal Memorial 4th"]
[Site "Moscow"]
[Date "2009.11.08"]
[Round "4"]
[White "Carlsen, Magnus"]
[Black "Aronian, Levon"]
[Result "1/2-1/2"]
[WhiteElo "2801"]
[BlackElo "2786"]
[Annotator "Marin,M"]
[PlyCount "64"]
[EventDate "2009.11.05"]
[EventType "tourn"]
[EventRounds "9"]
[EventCountry "RUS"]
[EventCategory "21"]
[SourceTitle "CBM 133"]
[Source "ChessBase"]
[SourceDate "2009.11.19"]
[SourceVersion "1"]
[SourceVersionDate "2009.11.19"]
[SourceQuality "1"]

1. d4 d5 2. c4 c6 3. Nf3 Nf6 4. Nc3 e6 5. e3 Nbd7 6. Bd3 dxc4 7. Bxc4 b5 8. Bd3
Bd6 9. Nd2 $5 {This had been played only once before.} Bb7 10. Nce4 $146 (10.
O-O {Volkov,S (2633)-Romanov,E (2547)/Dagomys 2008/CBM 124 (0-1, 46)}) 10...
Be7 11. Nxf6+ Nxf6 12. O-O O-O 13. Nb3 {White seems to have established some
control over the c5-square, but is underdeveloped, justifying Black's next
move.} c5 $1 14. dxc5 Qd5 15. f3 Rfd8 16. Be2 Qe5 17. Qe1 Bd5 18. Qc3 Qxc3 19.
bxc3 Bxb3 20. axb3 Nd5 21. b4 Nxc3 22. Kf2 a5 {Black has retrieved the pawn
and even has some initiative.} 23. Rxa5 Rxa5 24. bxa5 Bxc5 25. Bb2 Nxe2 26.
Kxe2 Bb4 27. Ra1 $1 {An elegant way to stay out of troubles.} Rd2+ 28. Kf1 Rxb2
29. a6 Bc5 30. Rc1 g6 31. Rxc5 Ra2 32. Rxb5 Rxa6 1/2-1/2

[Event "Moscow Tal Memorial 4th"]
[Site "Moscow"]
[Date "2009.11.14"]
[Round "9"]
[White "Leko, Peter"]
[Black "Carlsen, Magnus"]
[Result "0-1"]
[WhiteElo "2752"]
[BlackElo "2801"]
[Annotator "Ftacnik,L"]
[PlyCount "118"]
[EventDate "2009.11.05"]
[EventType "tourn"]
[EventRounds "9"]
[EventCountry "RUS"]
[EventCategory "21"]
[SourceTitle "CBM 133"]
[Source "ChessBase"]
[SourceDate "2009.11.19"]
[SourceVersion "1"]
[SourceVersionDate "2009.11.19"]
[SourceQuality "1"]

1. e4 {Marin,M} c5 2. Nf3 d6 3. d4 cxd4 4. Nxd4 Nf6 5. Nc3 a6 6. Be3 Ng4 {
Modern chess sometimes sports most illogical ideas. Black is moving the only
developed piece with a tall ambition to spoil the planned English attack set
up of the opponent.} 7. Bg5 h6 8. Bh4 g5 9. Bg3 Bg7 10. h3 Nf6 11. Qf3 Qb6 12.
O-O-O Nc6 13. Nxc6 Qxc6 14. Be2 Qc5 15. Rhe1 {White is still looking for the
way of "refuting" Black's provocative concept. The general mobilaization of
the pieces towards the center can hardly spoil anything.} g4 {Marin,M: 'Played
partly in accordance with Nimzovitsch' postulate that any mobile pawn
formation that does not advance is likely to become a weakness. However, in
this case it would be desirable to play ...h5 and ...g4, since the operation
carried out in the game leaves the kingside weakened anyway.'} (15... Nd7 16.
Nd5 Ne5 17. Qb3 b5 18. f4 Nc4 19. Bxc4 bxc4 20. Qf3 $16 {1-0 Rytshagov,M (2490)
-Kulaots,K (2510)/Estonia 2003 (30)}) (15... Be6 16. e5 dxe5 17. Bd3 e4 18.
Nxe4 Nxe4 19. Qxe4 O-O-O 20. a3 Rd5 21. Qb4 Rhd8 22. Qxc5+ Rxc5 $11 {1/2-1/2
Lutz,C (2640)-Polgar,J (2715)/Budapest 2003 (25)}) 16. hxg4 Bxg4 17. Qd3 Be6 {
Carlsen must take care about his pieces, as the careless exchange of the
bishops would seriously enhance White's chances.} (17... Bxe2 $6 18. Nxe2 Ng4
19. Qf3 Rg8 20. Kb1 Bf6 21. c3 $16) 18. e5 {'!' Marin,M.} (18. Bf3 Ng4 19. Nd5
Ne5 20. Qb3 Nxf3 21. gxf3 (21. Qxf3 h5 $14) 21... b5 22. Bh4 Ra7 23. Rg1 $14)
18... dxe5 19. Bf3 e4 $1 {A fine defensive move and a true proverbial spanner
in the works of otherwise perfectly coordinated Leko's forces.} (19... O-O 20.
Rxe5 Qb6 21. Na4 Qb4 22. Nc5 Bxa2 23. Bxb7 $16) 20. Nxe4 Nxe4 21. Rxe4 (21.
Bxe4 O-O 22. c3 Rac8 23. Kb1 $14) 21... O-O {Marin,M: 'The black king's
position looks unsafe, but in fact his bishops are targetting the enemy king,
while the white bishop concentrate on an almost empty wing. '} 22. Qe3 {
The Hungarian super grandmaster is a perfectionist in the openings, but not
your typical courageous attacker in most positions. Yet even he must have been
intrigued by the dangerous exchange sacrifice on e6 with very interesting
chances.} (22. Rxe6 $5 {Marin,M: 'deserves serious attention, but does not
seem to be in Leko's cautious style.'} fxe6 23. Qb3 Kh8 24. Qxe6 Rac8 25. Be4 (
25. c3 Bxc3 26. Qxh6+ Kg8 27. Bd5+ Qxd5 28. Qxf8+ Kxf8 29. Rxd5 Be5+ 30. Kb1
Bxg3 31. fxg3 Kf7 $11) 25... Qg5+ 26. Kb1 Rcd8 $13) 22... Rac8 23. Qxc5 (23. c3
Qxe3+ 24. Rxe3 b5 25. a3 $14) 23... Rxc5 24. Bg4 $6 {The meek exchange of the
bishops is kissing all chances of playing for an advantage good bye. It must
have been preferable to keep the active pair of bishops shooting against
Black's queenside.} (24. Ra4 Rb5 25. c3 Bf6 $14) 24... Bxg4 25. Rxg4 f5 26. Rb4
(26. Rg6 f4 27. Bh4 Rfc8 28. c3 Kf7 29. Rb6 Rh5 30. g3 Rc7 $11) 26... b5 27. a4
Rfc8 {Carlsen has made his name as one of the players with best technique in
the world. The position is objectively equal, but he is doing his best to put
pressure on his opponent.} (27... Kf7 28. c3 Be5 $11) 28. c3 Rc4 29. Rxc4 Rxc4
30. axb5 axb5 31. Rd8+ (31. Rd5 f4 32. Bh2 b4 33. Kd2 bxc3+ 34. bxc3 $11) 31...
Kh7 $1 {It takes an open mind to admit, that sometimes even the passive
looking retreat can be stronger than automatic centralization.} (31... Kf7 32.
Rd5 $1 b4 33. Rxf5+ Kg6 34. Rf4 Rxf4 35. Bxf4 bxc3 36. b4 Kf5 37. Be3 h5 38.
Kc2 Ke4 39. b5 Kd5 40. Kd3 $14) 32. Rd7 Rg4 $1 33. Bb8 (33. Rxe7 f4 34. Bh2 Rh4
35. Bg1 Rg4 36. f3 Rxg2 37. Bd4 h5 38. Rf7 Kg8 39. Rf5 Bxd4 40. cxd4 $11) 33...
Rxg2 34. Rxe7 Kg6 35. Bg3 (35. Re6+ Kf7 36. Rb6 Rxf2 37. Rxb5 Kg6 38. Rb6+ Kg5
39. Rb7 Bf6 $15) 35... h5 36. Kd1 $2 {[%mdl 4096] On the highest chess level
there is only one true way to win the game - put pressure against your
opponent! The best and brighest are sometimes crumbling under the unpleasant
strain.} (36. Rb7 f4 (36... Bh6+ 37. Kd1 f4 38. Rb6+ Kh7 39. Rb7+ $11) 37. Bxf4
Rxf2 38. Rb6+ Bf6 39. Bg3 Rf5 40. Bh4 Rf4 41. Bg3 $11) 36... Bf6 37. Re6 Kf7
38. Re3 $2 {Bad as Leko's position has become it might not have been beyond
hope. This nervous move is surely a losing mistake.} (38. Re2 $1 h4 39. Bc7 h3
$17) 38... h4 39. Bc7 Rxf2 40. b3 Rf1+ (40... f4 41. Rd3 Ke6 42. Ke1 Rc2 43.
Bxf4 Rxc3 $19) 41. Ke2 Rc1 42. c4 {The good advice became a commodity, that
White can not value enough. Parting with the second pawn looks like an act of
a pure desperation...} (42. Kd2 Bg5 43. Kxc1 Bxe3+ $19) (42. Ba5 Kg6 43. Rf3
Ra1 44. Bb6 Ra3 45. c4 h3 $19) 42... bxc4 43. bxc4 Rxc4 44. Bb8 Rc2+ 45. Kf1
Kg6 46. Re2 Rc8 47. Bd6 Rc6 48. Be7 {We all know, that the rook endgame with
f- and h-pawn might be defendable for the weaker side. Unfortunately not in
the case, when the king is cut on the first rank.} (48. Bb8 h3 49. Kf2 Kg5 $19)
48... Bxe7 49. Rxe7 Rc2 $1 50. Re3 Kg5 51. Kg1 Kg4 52. Ra3 f4 53. Ra8 Rd2 54.
Ra7 Kg3 55. Rg7+ Kf3 56. Ra7 Rd1+ 57. Kh2 Ke2 58. Kh3 f3 59. Ra2+ (59. Re7+ Kf1
60. Kxh4 f2 $19) 59... Rd2 {White has decided, that admitting defeat is not
going to hurt him at all.} (59... Rd2 60. Ra8 f2 61. Re8+ Kf1 62. Kh2 Re2 63.
Ra8 Re4 64. Kh3 Ke2 65. Ra2+ Kf3 66. Ra3+ Re3 67. Ra1 f1=Q+ 68. Rxf1+ Ke2+ $19)
0-1

[Event "Oslo BNbank Gp-A"]
[Site "Oslo"]
[Date "2009.11.28"]
[Round "2"]
[White "Carlsen, Magnus"]
[Black "Hansen, Pal Andreas"]
[Result "1-0"]
[WhiteElo "2801"]
[BlackElo "2072"]
[PlyCount "57"]
[EventDate "2009.11.28"]
[EventType "tourn (blitz)"]
[EventRounds "6"]
[EventCountry "NOR"]
[EventCategory "9"]
[SourceTitle "CBM 133 Extra"]
[Source "ChessBase"]
[SourceDate "2010.01.05"]
[SourceVersion "1"]
[SourceVersionDate "2010.01.05"]
[SourceQuality "1"]

1. d4 Nf6 2. c4 b5 3. cxb5 a6 4. bxa6 c5 5. d5 Bxa6 6. g3 d6 7. Bg2 Nbd7 8. b3
g6 9. Bb2 Bg7 10. Nh3 O-O 11. O-O Nb6 12. Nf4 Qd7 13. Re1 Rfb8 14. Nd2 Rb7 15.
e4 g5 16. Ne2 Na4 17. Bxf6 Bxf6 18. bxa4 Bxa1 19. Qxa1 Rab8 20. Nc3 c4 21. Qc1
Rb2 22. e5 Qf5 23. exd6 Rc2 24. Qd1 Rxc3 25. dxe7 Re8 26. d6 Bc8 27. Bc6 Bd7
28. Bxd7 Qxd7 29. Ne4 1-0

[Event "Oslo BNbank Gp-A"]
[Site "Oslo"]
[Date "2009.11.28"]
[Round "3"]
[White "Cmilyte, Viktorija"]
[Black "Carlsen, Magnus"]
[Result "1/2-1/2"]
[WhiteElo "2480"]
[BlackElo "2801"]
[PlyCount "55"]
[EventDate "2009.11.28"]
[EventType "tourn (blitz)"]
[EventRounds "6"]
[EventCountry "NOR"]
[EventCategory "9"]
[SourceTitle "CBM 133 Extra"]
[Source "ChessBase"]
[SourceDate "2010.01.05"]
[SourceVersion "1"]
[SourceVersionDate "2010.01.05"]
[SourceQuality "1"]

1. d4 Nf6 2. c4 g6 3. Nf3 Bg7 4. g3 O-O 5. Bg2 d6 6. O-O Nc6 7. Nc3 Rb8 8. h3
Re8 9. e4 e5 10. dxe5 dxe5 11. Be3 Be6 12. b3 Qc8 13. Kh2 Rd8 14. Qe2 Nd4 15.
Bxd4 exd4 16. Nd5 Re8 17. Nxf6+ Bxf6 18. e5 Bd7 19. Qd2 Bg7 20. Qxd4 Bc6 21.
Rae1 Qd8 22. Qf4 Qe7 23. Qe3 Rbd8 24. Rd1 a6 25. Rfe1 Rxd1 26. Rxd1 Bxf3 27.
Bxf3 c6 28. Bg4 1/2-1/2

[Event "Oslo BNbank Gp-A"]
[Site "Oslo"]
[Date "2009.11.28"]
[Round "4"]
[White "Socko, Monika"]
[Black "Carlsen, Magnus"]
[Result "0-1"]
[WhiteElo "2457"]
[BlackElo "2801"]
[PlyCount "56"]
[EventDate "2009.11.28"]
[EventType "tourn (blitz)"]
[EventRounds "6"]
[EventCountry "NOR"]
[EventCategory "9"]
[SourceTitle "CBM 133 Extra"]
[Source "ChessBase"]
[SourceDate "2010.01.05"]
[SourceVersion "1"]
[SourceVersionDate "2010.01.05"]
[SourceQuality "1"]

1. e4 e5 2. Nf3 Nc6 3. Bc4 Bc5 4. c3 Nf6 5. d4 exd4 6. e5 d5 7. Bb5 Ne4 8. cxd4
Bb6 9. Nc3 O-O 10. Be3 Bg4 11. Qc2 Nb4 12. Qb3 c6 13. Be2 a5 14. a3 Na6 15. Na4
Bc7 16. Qxb7 Qd7 17. Qb3 c5 18. Bxa6 Rxa6 19. dxc5 Rb8 20. Nb6 Bxb6 21. cxb6
Bxf3 22. gxf3 d4 23. Qd1 Qh3 24. fxe4 dxe3 25. Qe2 exf2+ 26. Qxf2 Raxb6 27.
O-O-O Rxb2 28. Qxb2 Qe3+ 0-1

[Event "Oslo BNbank Gp-A"]
[Site "Oslo"]
[Date "2009.11.28"]
[Round "5"]
[White "Hansen, Pal Andreas"]
[Black "Carlsen, Magnus"]
[Result "0-1"]
[WhiteElo "2072"]
[BlackElo "2801"]
[PlyCount "40"]
[EventDate "2009.11.28"]
[EventType "tourn (blitz)"]
[EventRounds "6"]
[EventCountry "NOR"]
[EventCategory "9"]
[SourceTitle "CBM 133 Extra"]
[Source "ChessBase"]
[SourceDate "2010.01.05"]
[SourceVersion "1"]
[SourceVersionDate "2010.01.05"]
[SourceQuality "1"]

1. d4 Nf6 2. c4 g6 3. Nc3 d5 4. Bg5 Bg7 5. e3 c5 6. Nf3 O-O 7. Be2 cxd4 8. Nxd4
dxc4 9. O-O Qa5 10. Bh4 Nc6 11. Nxc6 bxc6 12. Bxc4 Rb8 13. Bb3 Ba6 14. Bg3 Bxf1
15. Bxb8 Bxg2 16. Kxg2 Rxb8 17. Qf3 Rxb3 18. Rd1 Rxb2 19. Qxc6 Qg5+ 20. Kh1 Ng4
0-1

[Event "Oslo BNbank Gp-A"]
[Site "Oslo"]
[Date "2009.11.28"]
[Round "6"]
[White "Carlsen, Magnus"]
[Black "Cmilyte, Viktorija"]
[Result "1-0"]
[WhiteElo "2801"]
[BlackElo "2480"]
[PlyCount "61"]
[EventDate "2009.11.28"]
[EventType "tourn (blitz)"]
[EventRounds "6"]
[EventCountry "NOR"]
[EventCategory "9"]
[SourceTitle "CBM 133 Extra"]
[Source "ChessBase"]
[SourceDate "2010.01.05"]
[SourceVersion "1"]
[SourceVersionDate "2010.01.05"]
[SourceQuality "1"]

1. d4 f5 2. g3 Nf6 3. Bg2 g6 4. Nf3 Bg7 5. O-O O-O 6. c4 d6 7. Nc3 c6 8. d5 e5
9. dxe6 Bxe6 10. b3 Na6 11. Ng5 Qe7 12. Nxe6 Qxe6 13. Bb2 Rad8 14. e3 Nc5 15.
Qc2 Rfe8 16. Rad1 Ng4 17. Rfe1 Qf7 18. h3 Nf6 19. b4 Nce4 20. Nxe4 Nxe4 21.
Bxg7 Qxg7 22. b5 Qe5 23. bxc6 bxc6 24. Rd4 Rd7 25. Red1 h5 26. h4 Kh7 27. Qa4
Qc5 28. Rd5 Qb6 29. c5 Nxc5 30. Rxc5 Qxc5 31. Bxc6 1-0

[Event "Oslo BNbank KO"]
[Site "Oslo"]
[Date "2009.11.28"]
[Round "1.2"]
[White "Hammer, Jon Ludvig"]
[Black "Carlsen, Magnus"]
[Result "1/2-1/2"]
[WhiteElo "2588"]
[BlackElo "2801"]
[PlyCount "88"]
[EventDate "2009.11.28"]
[EventType "k.o. (blitz)"]
[EventRounds "3"]
[EventCountry "NOR"]
[SourceTitle "CBM 133 Extra"]
[Source "ChessBase"]
[SourceDate "2010.01.05"]
[SourceVersion "1"]
[SourceVersionDate "2010.01.05"]
[SourceQuality "1"]

1. e4 e5 2. Nf3 Nc6 3. Bb5 a6 4. Bxc6 dxc6 5. O-O Ne7 6. Nxe5 Qd4 7. Qh5 g6 8.
Nf3 Qxe4 9. Qa5 Bg4 10. Re1 Qd5 11. Qxc7 Bxf3 12. gxf3 Qxf3 13. Nc3 Qg4+ 14.
Kh1 Qf3+ 15. Kg1 Qg4+ 16. Qg3 Qxg3+ 17. hxg3 Kd7 18. d3 Nd5 19. Ne4 f5 20. Ng5
Bb4 21. c3 Nxc3 22. a3 Rhe8 23. Rxe8 Rxe8 24. Kf1 Nd5 25. axb4 Nxb4 26. Nxh7
Rh8 27. Ra4 Rxh7 28. Rxb4 Rh1+ 29. Ke2 Rxc1 30. Rxb7+ Ke6 31. Kd2 Rf1 32. Ke2
Rc1 33. Kd2 Rf1 34. Rb6 Kd6 35. Ke2 Rb1 36. Rxa6 Rxb2+ 37. Ke3 g5 38. Ra5 Rb5
39. Ra8 Re5+ 40. Kd2 g4 41. Rd8+ Ke7 42. Rc8 Kd6 43. Rf8 Ke7 44. Rc8 Kd6
1/2-1/2